| 000 | 00998nam a22002897a 4500 | ||
|---|---|---|---|
| 001 | BR8108168 | ||
| 003 | BR-BrBNA | ||
| 005 | 20230928091139.0 | ||
| 007 | ta | ||
| 008 | 230509b bl.||||| |||| 00| 0 por d | ||
| 040 |
_aBR-BrBNA _bpor _cBiblioteca Nacional de Agricultura |
||
| 041 | _a(Por) | ||
| 072 |
_aF00; E70 _b1300 _b/G514 |
||
| 090 | _ 1300 BR8108168 | ||
| 100 | 1 | _aChaves, G.C.G. | |
| 110 | 1 |
_aComissao Estadual de Planejamento Agricola de Mato Grosso do Sul, Campo Grande (Brasil) _92030 |
|
| 245 | 1 | _aCinturao verde de Campo Grande. Area, producao e numero de produtores/1980 [Mato Grosso do Sul, Brasil] | |
| 260 | 3 |
_aCampo Grande, MS (Brasil): _c1981. |
|
| 300 | _a43 p. | ||
| 500 | _a(*) Documento disponível no(a) Comissao Estadual de Planejamento Agricola de Mato Grosso do Sul, Campo Grande (Brazil) | ||
| 650 | _aHORTALICA | ||
| 650 | _aPRODUTOR | ||
| 650 | _aCAMPO GRANDE | ||
| 650 | _aMATO GROSSO DO SUL | ||
| 909 |
_a202309 _bLucia _c55 _dLucia Elande |
||
| 942 | _cBK | ||
| 999 |
_c32469 _d32469 |
||